Buchgalterskij učet v torgovle

Gespeichert in:
Bibliographische Detailangaben
Format: Buch
Sprache:Russisch
Veröffentlicht: Moskva Ekonomika 1986
Ausgabe:1. izd.
Tags: Tag hinzufügen
Keine Tags, Fügen Sie das erste Tag hinzu!

MARC

LEADER 00000nam a2200000 4500
001 c037964
005 20221220073636.1
041 0 |a rus 
044 |a CS 
245 1 0 |a Buchgalterskij učet v torgovle 
250 |a 1. izd. 
264 1 |a Moskva  |b Ekonomika  |c 1986 
300 |a 431 s.